Obras escogidas / (Record no. 98242)

MARC details
000 -LEADER
campo de control de longitud fija 01017nam a2200241 i 4500
001 - NÚMERO DE CONTROL
campo de control 98242
003 - IDENTIFICADOR DE NÚMERO DE CONTROL
campo de control ES-MaACL
005 - FECHA Y HORA DE LA ÚLTIMA TRANSACCIÓN
campo de control 20250831014735.0
007 - CAMPO FIJO DE DESCRIPCIÓN FÍSICA--INFORMACIÓN GENERAL
campo de control de longitud fija t|
008 - DATOS DE LONGITUD FIJA--INFORMACIÓN GENERAL
campo de control de longitud fija 050727s1953 sp ||||1| spa d
080 ## - NÚMERO DE LA CLASIFICACIÓN DECIMAL UNIVERSAL
Número de la Clasificación Decimal Universal 86.0(729.1)-821"18"
100 1# - ENTRADA PRINCIPAL--NOMBRE DE PERSONA
Nombre de persona Martí, José,
Fechas asociadas al nombre 1853-1895
9 (RLIN) 77189
245 10 - MENCIÓN DEL TÍTULO
Título Obras escogidas /
Mención de responsabilidad, etc. José Martí ; selección, prólogo y notas de Rafael Estenger.
260 ## - PUBLICACIÓN, DISTRIBUCIÓN, ETC.
Lugar de publicación, distribución, etc. Madrid :
Nombre del editor, distribuidor, etc. Aguilar,
Fecha de publicación, distribución, etc. 1953.
300 ## - DESCRIPCIÓN FÍSICA
Extensión 1 lám. retr. autor, 1250 p. ;
Dimensiones 14 cm.
505 0# - NOTA DE CONTENIDO CON FORMATO
Nota de contenido con formato Contiene: Hombres de América ; Temas continentales ; Las artes y las letras ; Escenas norteamericanas ; Lecturas para niños ; Cuba: semblanzas ; Cuba: política y revolución ; Discursos ; Cartas y apuntes de un viaje ; Poesías.
651 #4 - PUNTO DE ACCESO ADICIONAL DE MATERIA--NOMBRE GEOGRÁFICO
Nombre geográfico Estados Unidos-
Subdivisión general Descripción-
Subdivisión cronológica S.XIX
9 (RLIN) 8539
651 #4 - PUNTO DE ACCESO ADICIONAL DE MATERIA--NOMBRE GEOGRÁFICO
Nombre geográfico Cuba-
Subdivisión general Historia-
Subdivisión cronológica 1810-1899.
9 (RLIN) 148036
651 #4 - PUNTO DE ACCESO ADICIONAL DE MATERIA--NOMBRE GEOGRÁFICO
Nombre geográfico Cuba-
Subdivisión general Política y gobierno-
Subdivisión cronológica 1810-1899.
9 (RLIN) 172948
700 1# - ENTRADA AGREGADA--NOMBRE PERSONAL
Nombre de persona Estenger, Rafael.
9 (RLIN) 48108
852 ## - LOCALIZACIÓN
Ubicación ES-MaACL
Número de control de estantería C-8080
Holdings
Estatus retirado Estado de pérdida Estado de daño No para préstamo Biblioteca de origen Biblioteca actual Ubicación en estantería Fecha de adquisición Fuente de adquisición Total de préstamos Signatura topográfica completa Código de barras Visto por última vez Precio de reemplazo Tipo de ítem Koha
        Biblioteca del Ateneo de Madrid Biblioteca del Ateneo de Madrid Sala Palomar 17/01/2008     C-8080 1102555 23/02/2023 23/02/2023 Libro impreso